Breast Cancer Gene Research and Medical Practices (Record no. 61078)
[ view plain ]
| 000 -LEADER | |
|---|---|
| fixed length control field | 01740nam a2200277Ii 4500 |
| 008 - FIXED-LENGTH DATA ELEMENTS--GENERAL INFORMATION | |
| fixed length control field | 221202s xx 000 0 und d |
| 245 #0 - TITLE STATEMENT | |
| Title | Breast Cancer Gene Research and Medical Practices |
| 246 ## - VARYING FORM OF TITLE | |
| Title proper/short title | Transnational Perspectives in the Time of BRCA |
| 264 ## - PRODUCTION, PUBLICATION, DISTRIBUTION, MANUFACTURE, AND COPYRIGHT NOTICE | |
| Name of producer, publisher, distributor, manufacturer | Taylor & Francis |
| Date of production, publication, distribution, manufacture, or copyright notice | 2014 |
| 300 ## - PHYSICAL DESCRIPTION | |
| Extent | 1 online resource (248 pages) |
| 336 ## - CONTENT TYPE | |
| Content type term | text |
| Content type code | txt |
| Source | rdacontent |
| 337 ## - MEDIA TYPE | |
| Media type term | computer |
| Media type code | c |
| Source | rdamedia |
| 338 ## - CARRIER TYPE | |
| Carrier type term | online resource |
| Carrier type code | cr |
| Source | rdacarrier |
| 490 ## - SERIES STATEMENT | |
| Series statement | Genetics and Society |
| 520 ## - SUMMARY, ETC. | |
| Summary, etc. | The discovery of the two inherited susceptibility genes BRCA1 and BRCA2 in the mid-1990s created the possibility of predictive genetic testing and led to the establishment of specific medical programmes for those at high risk of developing breast cancer in the UK, US and Europe. The book provides a coherent structure for examining the diversity of practices and discourses that surround developments linked to BRCA genetics, and to the evolving field of genetics more broadly. It will be of interest to students and scholars of anthropology, sociology, history of science, STS, public health and bioethics. Chapter 8 of this book is freely available as a downloadable Open Access PDF under a Creative Commons Attribution-Non Commercial-No Derivatives 3.0 license. https://s3-us-west-2.amazonaws.com/tandfbis/rt-files/docs/Open+Access+Chapters/9780415824064_oachapter8.pdf |
| 653 ## - INDEX TERM--UNCONTROLLED | |
| Uncontrolled term | Social And Cultural Anthropology |
| 653 ## - INDEX TERM--UNCONTROLLED | |
| Uncontrolled term | Society And Culture: General |
| 653 ## - INDEX TERM--UNCONTROLLED | |
| Uncontrolled term | Sociology |
| 700 1# - ADDED ENTRY--PERSONAL NAME | |
| Personal name | Gibbon, Sahra |
| 700 1# - ADDED ENTRY--PERSONAL NAME | |
| Personal name | Joseph, Galen |
| 700 1# - ADDED ENTRY--PERSONAL NAME | |
| Personal name | Mozersky, Jessica |
| 700 1# - ADDED ENTRY--PERSONAL NAME | |
| Personal name | Palfner, Sonja |
| 700 1# - ADDED ENTRY--PERSONAL NAME | |
| Personal name | zur Nieden, Andrea |
| 856 ## - ELECTRONIC LOCATION AND ACCESS | |
| Uniform Resource Identifier | <a href="https://library.oapen.org/handle/20.500.12657/46397">https://library.oapen.org/handle/20.500.12657/46397</a> |
| 942 ## - ADDED ENTRY ELEMENTS (KOHA) | |
| Koha item type | E-Book |
| Withdrawn status | Damaged status | Not for loan | Home library | Current library | Date acquired | Total Checkouts | Date last seen | Price effective from | Koha item type |
|---|---|---|---|---|---|---|---|---|---|
| Directory of Open Access Books | Directory of Open Access Books | 11/28/2022 | 11/28/2022 | 11/28/2022 | E-Book |